| 000 | 00794 a2200205 4500 | ||
|---|---|---|---|
| 001 | 62861 | ||
| 005 | 20260407155923.0 | ||
| 008 | 260407a1975 arg spa d | ||
| 003 | AR-UNSa-BCEJYS | ||
| 040 |
_aAR-UNSa-BCEJYS _bspa _cAR-UNSa-BCEJYS |
||
| 080 |
_a339.5 _xComercio exterior. Comercio Internacional |
||
| 245 | 1 | 0 |
_aLas empresas conjuntas latinoamericanas _pCoincidencias y conflictos de intereses |
| 264 | 1 |
_aBuenos Aires : _bBID/INTAL (Banco Interamericano de Desarrollo. Instituto para la integración de América Latina) _c1975 |
|
| 300 |
_a32 p. _c27 cm. |
||
| 041 | _aspa | ||
| 942 | _cBK | ||
| 590 | _aniveau_biblio:m niveau_hierar:0 | ||
| 100 | 1 | _aBanco Interamericano de Desarrollo. Instituto para la Integración de América Latina (BID-INTAL) | |
| 700 | 1 | _aDiamand, Marcelo | |
| 999 |
_c7856 _d7856 |
||